กลรักสายลับเจ้าเสน่ห์ (Record no. 37592)

MARC details
000 -LEADER
fixed length control field 02176nam a22002177a 4500
003 - CONTROL NUMBER IDENTIFIER
control field TH-BaNU
005 - DATE AND TIME OF LATEST TRANSACTION
control field 20230403122029.0
008 - FIXED-LENGTH DATA ELEMENTS--GENERAL INFORMATION
fixed length control field 230403b2022 TH ||||| |||| 00| 0 tha d
020 ## - INTERNATIONAL STANDARD BOOK NUMBER
International Standard Book Number 9786162401923
040 ## - CATALOGING SOURCE
Original cataloging agency TH-BaNU
100 ## - MAIN ENTRY--PERSONAL NAME
Personal name กันติมา
245 ## - TITLE STATEMENT
Title กลรักสายลับเจ้าเสน่ห์
260 ## - PUBLICATION, DISTRIBUTION, ETC.
Place of publication, distribution, etc. กรุงเทพฯ:
Name of publisher, distributor, etc. กรีนมายด์:
Date of publication, distribution, etc. 2565
300 ## - PHYSICAL DESCRIPTION
Extent 432 หน้า
520 ## - SUMMARY, ETC.
Summary, etc. คุณหนูร้านทองผู้แสนเอาแต่ใจอย่าง "ธัญรดา" ต้อง มาสวมบทเป็นสายลับจำเป็น เพื่อช่วยเหลืองานราชการของน้าชาย ภารกิจลับของสาวพราวเสน่ห์จึงเริ่มต้นขึ้น ทว่าภารกิจลับครั้งนี้เกือบจะกลายเป็นภารกิจรักไปเสียแล้ว เมื่อหญิงสาวดันไปสะดุดรักกับ "ปวัตน์" หนุ่มลูกครึ่งอเมริกาไทย เจ้าของบริษัทส่งออกยักษ์ใหญ่จนถอนตัวไม่ขึ้น แต่จู่ๆ รักแรกของเธอก็ต้องมีอันสะดุดลง เมื่อเขาตกเป็นผู้ต้องสงสัยในคดีที่เธอกำลังตามสืบอยู่! ระหว่างภารกิจลับบนความถูกต้องกับภารกิจรักบนความถูกใจ สิ่งไหนกันแน่ที่หัวใจดวงนี้ต้องการ? ติดตามร่วมลุ้นไปพร้อมๆ กันได้ในเล่ม
650 ## - SUBJECT ADDED ENTRY--TOPICAL TERM
Topical term or geographic name entry element วรรณกรรม
850 ## - HOLDING INSTITUTION
Holding institution Kuakarun Nursing Library
856 ## - ELECTRONIC LOCATION AND ACCESS
Uniform Resource Identifier <a href="https://se-ed.belibcloud.com/book-detail/18300">https://se-ed.belibcloud.com/book-detail/18300</a>
Link text se-ed e-library
942 ## - ADDED ENTRY ELEMENTS (KOHA)
Source of classification or shelving scheme Local Classification
Koha item type Electronic books
998 ## - STAFF NAME (NMU)
Cataloger bee
Holdings
Withdrawn status Lost status Source of classification or shelving scheme Damaged status Not for loan Home library Current library Shelving location Date acquired Total Checkouts Barcode Date last seen Price effective from Koha item type
    Local Classification   Online Access Kuakarun Nursing Library Kuakarun Nursing Library Processing unit 03/04/2023   eb37592 03/04/2023 03/04/2023 Electronic books